Curiosity perfectly satisfyed : Faraday's travels in Europe, 1813-1815 /

Bibliographic Details
Other Authors: Bowers, Brian, Symons, Lenore
Format: Book
Language:English
Published: London : P. Peregrinus in association with the Science Museum, [1991]
Series:History of technology series ; 16.
Subjects:

MARC

Tag First Indicator Second Indicator Subfields
LEADER 00000aam a2200000 a 4500
001 in00001545913
005 20151022054928.0
008 920320s1991 enka b 001 0ceng
010 |a  92135136  
015 |a GB91-57960 
019 |a 24914616  |a 26633780 
020 |a 0863412343 
035 |a (OCoLC)ocm27072675 
040 |a DLC  |c DLC  |d UKM  |d EUW  |d WEN  |d SMI  |d UtOrBLW 
043 |a e------ 
049 |a TXAM 
050 0 0 |a QC16.F2  |b C87 1991 
082 0 0 |a 530/.09/2  |a B  |2 20 
245 0 0 |a Curiosity perfectly satisfyed :  |b Faraday's travels in Europe, 1813-1815 /  |c edited by Brian Bowers and Lenore Symons. 
264 1 |a London :  |b P. Peregrinus in association with the Science Museum,  |c [1991] 
264 4 |c ©1991 
300 |a xvi, 168 pages :  |b illustrations ;  |c 24 cm. 
336 |a text  |b txt  |2 rdacontent 
337 |a unmediated  |b n  |2 rdamedia 
338 |a volume  |b nc  |2 rdacarrier 
490 1 |a IEE history of technology series ;  |v 16 
504 |a Includes bibliographical references (pages xvi) and index. 
600 1 0 |a Faraday, Michael,  |d 1791-1867  |x Journey  |z Europe. 
600 1 0 |a Faraday, Michael,  |d 1791-1867  |x Diaries. 
600 1 0 |a Faraday, Michael,  |d 1791-1867.  |t Correspondence. 
600 1 0 |a Davy, Humphry,  |c Sir,  |d 1778-1829  |x Journey  |z Europe. 
653 0 |a Travel  |a History 
653 0 |a Western Europe 
700 1 |a Bowers, Brian. 
700 1 |a Symons, Lenore. 
830 0 |a History of technology series ;  |v 16. 
948 |a cataloged  |b h  |c 2000/9/13  |d c  |e jgreene  |f 9:26:01 am 
994 |a E0  |b TXA 
999 |a MARS 
999 f f |s 8f1d753a-41bc-3a36-a600-d951bd8e1151  |i ca214ff2-87e5-333f-bf57-8b2c4e7fba06  |t 0 
952 f f |p ric  |a Texas A&M University  |b Rellis Campus  |c Joint Library Facility  |d Remote Storage  |t 0  |e QC16.F2 C87 1991  |h Library of Congress classification  |i unmediated -- volume  |m A14826610244 
998 f f |a QC16.F2 C87 1991  |t 0  |l Remote Storage